000 00926 a2200217 4500
001 46825
005 20260407155738.0
008 260407a1972 arg spa d
003 AR-UNSa-BCEJYS
040 _aAR-UNSa-BCEJYS
_bspa
_cAR-UNSa-BCEJYS
080 _a316.334.3
_xSociología de subsistemas e instituciones políticas. Sociología política
245 1 0 _aSociología Política
020 _a84-344-1656-5
250 _a3a. ed.
264 1 _aBarcelona :
_bAriel
_c1972
300 _a426 p.
_c23 cm.
505 _aParte General: Visión general de la sociología política: 1. Los marcos de la política - 2. Los factores de los antagonismos políticos - 3. De los antagonismos a la integración -- Parte Especial: Los partidos políticos y los grupos de presión: 1. Los partidos políticos - 2. Los grupos de presión.
942 _cBK
590 _aniveau_biblio:m niveau_hierar:0
100 1 _aDuverger, Maurice
999 _c4251
_d4251